Word Ladder: Genius! Quiz Stats

 Plays Quiz Updated Aug 24, 2014

Support Sporcle.
Go Orange.
Score 0/44 Timer 05:00
1 Play Today
Clue 5-Letter Word % Correct
FrightenSCARE
95%
Make a touchdownSCORE
94.3%
Took an oathSWORE
93%
Aquatic predatorSHARK
93%
Pass away under waterDROWN
92.8%
Lacking spiceBLAND
92.8%
• • • a GENIUS has a big ___ • • •BRAIN
92.7%
SketchedDRAWN
92.4%
UnseeingBLIND
91.8%
Regal headwareCROWN
91.6%
Sink outletDRAIN
91.6%
BeginningSTART
91.5%
A woven section of hairBRAID
91.4%
Broken arm supporterSLING
91.2%
Flashy jewelryBLING
91.1%
Cawing birdsCROWS
91%
Excalibur, e.g.SWORD
90.4%
A specific company that offers a goodBRAND
89.1%
Scorpion attackSTING
89%
• • • a GENIUS is very ___ • • •SMART
88.3%
Run-down dwellingSHACK
88.1%
Bunch of beesSWARM
86.6%
Clue 5-Letter Word % Correct
Light biteSNACK
86.3%
• • • a GENIUS has a ___ for things • • •KNACK
84.9%
PerformancesSHOWS
84.1%
• • • a GENIUS is ___-witted • • •SHARP
83.9%
Eats eagerly, with ''down''CHOWS
83.3%
A big fussSTINK
80.3%
ReekedSTANK
80.1%
Ned or Arya of 'Game of Thrones'STARK
79.2%
Line of cliffsSCARP
79%
Grassy expanseSWARD
77.6%
Excessive flatterySMARM
76.5%
Stored a file to diskSAVED
73.3%
Coupon userSAVER
71.9%
Their tongues may touch your feetSHOES
70.2%
Enjoy the taste ofSAVOR
69.1%
Supplied hoof platesSHOED
57%
Tear asunderSHRED
42.7%
Type of cabbageSAVOY
36.8%
Filled to excessSATED
36.4%
ParentedSIRED
36.2%
• • • a GENIUS is ___ about things • • •SAVVY
30.1%
Put in placeSITED
29%

Today's Daily Dose

Missing Word
1944 Movies A-Z

Word Ladder
An Angry Alt+F4

Get the Picture
Colors in 4 Languages

You're not logged in!

Compare scores with friends on all Sporcle quizzes.
OR
Log In

From the Vault

Top 20 Baby Girl Names of the '90s

by emmafrisbee

If you're looking to name a princess, here are 20 cute names to get the juices flowing.
Remove Ads.
Support Sporcle.
Get the best of Sporcle when you Go Orange. This ad-free experience offers more features, more stats, and more fun while also helping to support Sporcle. Thank you for becoming a member.

Show Comments

Extras

Top Quizzes Today


Score Distribution

Your Account Isn't Verified!

In order to create a playlist on Sporcle, you need to verify the email address you used during registration. Go to your Sporcle Settings to finish the process.

Report this User

Report this user for behavior that violates our Community Guidelines.

Details: